Score 0/42 Timer 04:00
3 Plays Today
2000s Movies Missing Word % Correct
___ NemoFinding
98%
Million ___ BabyDollar
97.9%
The Devil Wears ___Prada
96.9%
Legally ___Blonde
96.7%
___ at the MuseumNight
96.5%
My Big Fat ___ WeddingGreek
96.1%
Kill ___ Vol. 1Bill
96%
Brokeback ___Mountain
95.7%
Slumdog ___Millionaire
94.5%
___ in TranslationLost
93.2%
___ RoyaleCasino
92.2%
Crouching ___, Hidden DragonTiger
89.4%
Lara ___: Tomb RaiderCroft
88.6%
Little Miss ___Sunshine
88.4%
Harry Potter and the ___ of SecretsChamber
87.4%
Napoleon ___Dynamite
86.5%
___ of the PenguinsMarch
86.4%
The ___ LockerHurt
86.2%
___ BrockovichErin
85.3%
Walk the ___Line
85%
Shaun of the ___Dead
85%
2000s Movies Missing Word % Correct
The Passion of the ___Christ
83.8%
A ___ MindBeautiful
82.4%
Harold & ___ Go to White CastleKumar
82.2%
___ of RockSchool
81.6%
___ RwandaHotel
78.5%
There Will Be ___Blood
77.3%
___ DarkoDonnie
76.9%
___ FamousAlmost
76.1%
Vanilla ___Sky
72.6%
You, Me and ___Dupree
72.6%
___ BeginsBatman
71.1%
You Don't Mess with the ___Zohan
68.2%
Punch-Drunk ___Love
67.9%
Requiem for a ___Dream
64.5%
___ for ColumbineBowling
61.4%
Pan's ___Labyrinth
60.6%
Fast ___ NationFood
60.2%
Mulholland ___Drive
59.9%
___ SchmidtAbout
54.9%
The Banger ___Sisters
43.5%
All the ___ HorsesPretty
41.3%

Today's Daily Dose

Remove Ads.
Support Sporcle.
Get the best of Sporcle when you Go Orange. This ad-free experience offers more features, more stats, and more fun while also helping to support Sporcle. Thank you for becoming a member.

You're not logged in!

Compare scores with friends on all Sporcle quizzes.
OR
Log In

Show Comments

Extras

Top Quizzes Today


Score Distribution

Your Account Isn't Verified!

In order to create a playlist on Sporcle, you need to verify the email address you used during registration. Go to your Sporcle Settings to finish the process.

Report this User

Report this user for behavior that violates our Community Guidelines.

Details: